000 00382nam a2200157Ia 4500
008 210210b1940 xxu||||| |||| 00| 0 eng d
041 _aeng
082 _a580/150
100 _aJOHANSEN (D A)
245 _aPlant microtechnique
260 _aNew York
_bMcGraw-Hill Book Company Inc.
_c1940
650 _aPlant
650 _amicrotechnique
690 _aBotany
906 _a010410
999 _c138178
_d138178